FIFA World Cup Winners if Every Winning Country Were Disqualified - Statistics

General Stats
  • This quiz has been taken 1,176 times
  • The average score is 18 of 22
Answer Stats
Year Original Winner New Winner % Correct
1998 France Croatia
91%
2018 France Croatia
91%
2022 Argentina Croatia
91%
1974 West Germany Netherlands
91%
1978 Argentina Netherlands
91%
2010 Spain Netherlands
91%
2014 Germany Netherlands
91%
1966 England Portugal
83%
2006 Italy Portugal
83%
1950 Uruguay Sweden
82%
1958 Brazil Sweden
82%
1994 Brazil Sweden
82%
1930 Uruguay United States
80%
2002 Brazil Turkey
76%
1986 Argentina Belgium
75%
1938 Italy Hungary
74%
1954 West Germany Hungary
74%
1982 Italy Poland
67%
1970 Brazil Soviet Union
65%
1990 West Germany Yugoslavia
65%
1934 Italy Czechoslovakia
63%
1962 Brazil Czechoslovakia
63%
No matching quizzes found
Score Distribution
Percent of People with Each Score
Percentile by Number Answered
Your Score History
You have not taken this quiz